[Event "XVI Autunno Scacchistico A"]
[Site "Venezia ITA"]
[Date "2010.11.01"]
[Round "5"]
[White "Bitossi, Massimo"]
[Black "Gandolfi, Attilio"]
[Result "1-0"]
[WhiteElo "1936"]
[BlackElo "1829"]
[PlyCount "81"]
[EventDate "2010.10.30"]

1. d4 Nf6 2. Nc3 d5 3. e4 Nxe4 4. Nxe4 dxe4 5. Bc4 e6 6. Ne2 Nc6 7. c3 Na5 8.
Bb3 Nxb3 9. Qxb3 Bd6 10. Ng3 Bxg3 11. hxg3 O-O 12. Qb5 Qd5 13. Qe2 g6 14. Bf4
c6 15. Rh4 f6 16. Bh6 Rf7 17. Rxe4 f5 18. Re5 Qd6 19. O-O-O Bd7 20. Qd2 Re8 21.
Bf4 Qf8 22. Ree1 b6 23. Be5 Qe7 24. Rh1 c5 25. Qh6 cxd4 26. Qxg6+ Rg7 27. Qxg7+
Qxg7 28. Bxg7 Kxg7 29. Rxd4 Re7 30. Rd6 Be8 31. Rhd1 Kf7 32. Kd2 Kf6 33. Ke3 h5
34. Kf4 Bf7 35. Re1 Rc7 36. Re5 Rc4+ 37. Rd4 Rc7 38. c4 a6 39. b3 Be8 40. Rd6
Rc6 41. Rexe6+ 1-0

[Event "XVI Autunno Scacchistico A"]
[Site "Venezia ITA"]
[Date "2010.11.01"]
[Round "5"]
[White "Bonan, Yves"]
[Black "Bozzao, Francesco"]
[Result "1/2-1/2"]
[WhiteElo "1872"]
[BlackElo "1893"]
[PlyCount "31"]
[EventDate "2010.10.30"]

1. Nf3 Nf6 2. g3 d6 3. Bg2 g6 4. c4 c5 5. O-O Bg7 6. Nc3 Nc6 7. d3 O-O 8. a3
Rb8 9. Rb1 a6 10. b4 Ng4 11. Qc2 Nd4 12. Nxd4 cxd4 13. Ne4 b5 14. h3 Nf6 15.
Bf4 Nxe4 16. dxe4 1/2-1/2

[Event "XVI Autunno Scacchistico A"]
[Site "Venezia ITA"]
[Date "2010.11.01"]
[Round "5"]
[White "Buchicchio, Giancarlo"]
[Black "Castellano, Alfonso"]
[Result "1/2-1/2"]
[WhiteElo "2095"]
[BlackElo "1920"]
[PlyCount "68"]
[EventDate "2010.10.30"]

1. e4 c5 2. Nf3 d6 3. d4 cxd4 4. c3 Nf6 5. e5 dxe5 6. Nxe5 d3 7. Bxd3 Qd5 8.
Nf3 Bg4 9. Qa4+ Nbd7 10. Bc4 Qe4+ 11. Be3 Bxf3 12. Nd2 Qg4 13. gxf3 Qf5 14. Qb3
O-O-O 15. Bxf7 Nc5 16. Qc4 Nfd7 17. b4 b5 18. Qd5 Nd3+ 19. Ke2 Qxd5 20. Bxd5
Nf6 21. Bc6 a6 22. a4 Ne5 23. axb5 axb5 24. Ra8+ Kc7 25. Rxd8 Nxc6 26. Ra8 Kb7
27. Rha1 g6 28. Nb3 Nd7 29. Bf4 Bg7 30. Rxh8 Bxh8 31. Kd2 Nxb4 32. Ra5 Nd5 33.
Rxb5+ Kc6 34. c4 Nxf4 1/2-1/2

[Event "XVI Autunno Scacchistico A"]
[Site "Venezia ITA"]
[Date "2010.11.01"]
[Round "5"]
[White "Buzio, Alberto"]
[Black "Rorato, Renzo"]
[Result "1-0"]
[WhiteElo "1875"]
[BlackElo "2053"]
[PlyCount "51"]
[EventDate "2010.10.30"]

1. e4 c5 2. Nf3 d6 3. d4 cxd4 4. Nxd4 Nf6 5. Nc3 a6 6. Be2 e6 7. Be3 Qc7 8. O-O
Nc6 9. Qd2 Be7 10. f4 O-O 11. Rad1 Rb8 12. a4 Rd8 13. Bf3 Nxd4 14. Bxd4 b5 15.
axb5 axb5 16. Qf2 b4 17. Na4 d5 18. Be5 Bd6 19. Bxd6 Rxd6 20. e5 Ra6 21. exf6
Rxa4 22. Qg3 g6 23. Qg5 Qd8 24. f5 Ra5 25. fxg6 fxg6 26. f7+ 1-0

[Event "XVI Autunno Scacchistico A"]
[Site "Venezia ITA"]
[Date "2010.11.01"]
[Round "5"]
[White "Caldonazzo, Matteo"]
[Black "Pozzobon, Davide"]
[Result "0-1"]
[WhiteElo "1910"]
[BlackElo "1805"]
[PlyCount "62"]
[EventDate "2010.10.30"]

1. Nf3 Nf6 2. d4 e6 3. e3 b6 4. Bd3 Bb7 5. O-O Ne4 6. b3 Bd6 7. Bb2 O-O 8. c4
f5 9. Qc2 Rf6 10. Ne5 Rh6 11. Nd2 Nxd2 12. Qxd2 Qh4 13. f3 Qxh2+ 14. Kf2 Bxe5
15. dxe5 Rg6 16. Rg1 Qg3+ 17. Ke2 Bxf3+ 18. Kf1 Na6 19. Ba3 Qxe5 20. Rc1 Bb7
21. Bb1 d6 22. b4 Rf8 23. Bb2 Qg3 24. Rc3 Be4 25. Ra3 Nxb4 26. Qxb4 Bxb1 27.
Bxg7 Rxg7 28. Qxb1 f4 29. Ke2 fxe3 30. Rxa7 Qf2+ 31. Kd3 Qd2+ 0-1

[Event "XVI Autunno Scacchistico A"]
[Site "Venezia ITA"]
[Date "2010.11.01"]
[Round "5"]
[White "Campagnola, Giacomo"]
[Black "Gigovski, Gjoko"]
[Result "0-1"]
[WhiteElo "1852"]
[BlackElo "1932"]
[PlyCount "148"]
[EventDate "2010.10.30"]

1. e4 c6 2. d4 d5 3. Nc3 dxe4 4. Nxe4 Bf5 5. Ng3 Bg6 6. Bc4 e6 7. N1e2 Nf6 8.
Be3 Nd5 9. Bxd5 cxd5 10. Nf4 Nc6 11. h4 Nb4 12. Nxg6 hxg6 13. c3 Nc6 14. Bf4
Rxh4 15. Rxh4 Qxh4 16. Qd2 Qd8 17. O-O-O Qa5 18. Kb1 b5 19. Qc2 Qb6 20. Ne2 Na5
21. Nc1 Nc4 22. Nd3 Rc8 23. Ne5 Nxe5 24. Bxe5 Qd8 25. Rh1 Qg5 26. g3 Qf5 27.
Rc1 Qxc2+ 28. Kxc2 g5 29. g4 f6 30. Bg3 Kd7 31. Kd3 Bd6 32. Bxd6 Kxd6 33. Rh1
Ke7 34. Re1 Rh8 35. a4 Rb8 36. b4 a6 37. axb5 axb5 38. Ra1 Rb7 39. Ra5 e5 40.
dxe5 fxe5 41. Ra6 Rb8 42. Rg6 Rg8 43. Rxg5 Kf6 44. Rh5 Rd8 45. Ke3 Rc8 46. Kd3
Ke6 47. Kd2 Rf8 48. Rh2 e4 49. Ke2 Rf4 50. Rg2 Ke5 51. Rh2 Rxg4 52. Rh8 Rf4 53.
Re8+ Kd6 54. Rb8 Kc6 55. Rc8+ Kd6 56. Rb8 Rf3 57. Rxb5 Rxc3 58. Rb8 Ke5 59. b5
Kd4 60. b6 Rc2+ 61. Kf1 Rb2 62. b7 g6 63. Rg8 Rxb7 64. Rxg6 Kd3 65. Rg3+ Kd2
66. Ra3 Rb1+ 67. Kg2 d4 68. Ra7 d3 69. Re7 Rb4 70. Kf1 Rb1+ 71. Kg2 Kc2 72.
Rc7+ Kd1 73. Rc4 d2 74. Rxe4 Kc2 0-1

[Event "XVI Autunno Scacchistico A"]
[Site "Venezia ITA"]
[Date "2010.11.01"]
[Round "5"]
[White "Carlassara, Renato"]
[Black "Rostolis, Riccardo"]
[Result "0-1"]
[WhiteElo "1831"]
[BlackElo "1875"]
[PlyCount "58"]
[EventDate "2010.10.30"]

1. e4 d5 2. exd5 Nf6 3. d4 Nxd5 4. c4 Nb6 5. Nc3 Nc6 6. Be3 g6 7. d5 Ne5 8. Bd4
f6 9. Bxe5 fxe5 10. c5 Nd7 11. Ne4 Bg7 12. Bc4 O-O 13. Nf3 Kh8 14. O-O Nf6 15.
Neg5 h6 16. Ne6 Bxe6 17. dxe6 Nh5 18. Qc2 Qe8 19. Rae1 Rxf3 20. gxf3 Nf4 21.
Kh1 g5 22. Qf5 Qc6 23. Re3 Rf8 24. Qe4 Qxc5 25. Bb3 Qb5 26. Ree1 Rd8 27. Rd1
Rd4 28. Qc2 c5 29. Rxd4 Qxf1# 0-1

[Event "XVI Autunno Scacchistico A"]
[Site "Venezia ITA"]
[Date "2010.11.01"]
[Round "5"]
[White "De Nisi, Roberta"]
[Black "Vianello, Enrico"]
[Result "0-1"]
[WhiteElo "1931"]
[BlackElo "2181"]
[PlyCount "82"]
[EventDate "2010.10.30"]

1. d4 d5 2. c4 Nc6 3. Nc3 dxc4 4. d5 Ne5 5. f4 Nd7 6. e4 Nb6 7. Be3 e6 8. Bxb6
axb6 9. Bxc4 Nf6 10. dxe6 Bxe6 11. Bxe6 Qxd1+ 12. Rxd1 fxe6 13. h3 Bb4 14. Nge2
Nxe4 15. O-O Nxc3 16. bxc3 Bc5+ 17. Kh2 Rxa2 18. Nd4 Bxd4 19. Rxd4 Ra5 20. Rfd1
Rd5 21. Rxd5 exd5 22. Rxd5 Ke7 23. Kg3 Rd8 24. Rxd8 Kxd8 25. Kf3 Ke7 26. Ke4 h5
27. g4 hxg4 28. hxg4 b5 29. Ke5 c5 30. Kd5 b6 31. Ke5 b4 32. cxb4 cxb4 33. Kd4
Kd6 34. Kc4 b3 35. Kxb3 Kd5 36. Kb4 Ke4 37. Kb5 Kxf4 38. g5 Kxg5 39. Kxb6 Kf4
40. Kc5 g5 41. Kd4 Kf3 0-1

[Event "XVI Autunno Scacchistico A"]
[Site "Venezia ITA"]
[Date "2010.11.01"]
[Round "5"]
[White "Faccia, Sergio"]
[Black "Cavalleri, Giuseppe"]
[Result "1-0"]
[WhiteElo "2060"]
[BlackElo "1820"]
[PlyCount "61"]
[EventDate "2010.10.30"]

1. e4 e5 2. d4 exd4 3. Nf3 d6 4. Nxd4 Nf6 5. Nc3 Be7 6. Bc4 O-O 7. O-O Bd7 8.
a3 c5 9. Nf3 Nc6 10. Bf4 Ne8 11. Qd2 Be6 12. Bxe6 fxe6 13. Rad1 e5 14. Bg3 Rxf3
15. gxf3 Nd4 16. Qd3 Nf6 17. Ne2 Kh8 18. Nxd4 cxd4 19. c3 dxc3 20. Qxc3 Qf8 21.
Qb3 b6 22. Rc1 Nd7 23. Qe6 Nc5 24. Qg4 Nd3 25. Rc3 Nxb2 26. Rfc1 Qf7 27. Rc8+
Rxc8 28. Rxc8+ Bf8 29. f4 Nd3 30. fxe5 dxe5 31. Qd7 1-0

[Event "XVI Autunno Scacchistico A"]
[Site "Venezia ITA"]
[Date "2010.11.01"]
[Round "5"]
[White "Fracasso Pezzolato, Michele"]
[Black "Zangrando, Gianpietro"]
[Result "0-1"]
[WhiteElo "1823"]
[BlackElo "1822"]
[PlyCount "76"]
[EventDate "2010.10.30"]

1. e4 e6 2. d4 d5 3. e5 c5 4. c3 Qb6 5. Nf3 Bd7 6. Bd3 Bb5 7. a3 Bxd3 8. Qxd3
Nc6 9. dxc5 Bxc5 10. O-O Qc7 11. b4 Bb6 12. Bf4 Nge7 13. Re1 O-O 14. Nbd2 Ng6
15. Bg3 Rac8 16. c4 dxc4 17. Nxc4 Nxb4 18. axb4 Qxc4 19. Qa3 Qc3 20. Qa4 Rfd8
21. h3 Rc4 22. Rab1 Qc2 23. Qb5 Rdc8 24. Rbc1 Qxc1 25. Rxc1 Rxc1+ 26. Kh2 R8c7
27. Qe8+ Nf8 28. Bh4 h6 29. Be7 Bxf2 30. Qxf8+ Kh7 31. g3 R7c2 32. h4 Be3+ 33.
Kh3 h5 34. g4 Rh1+ 35. Kg3 hxg4 36. Bf6 Bf2+ 37. Kg2 Bc5+ 38. Kxh1 Bxf8 0-1

[Event "XVI Autunno Scacchistico A"]
[Site "Venezia ITA"]
[Date "2010.11.01"]
[Round "5"]
[White "Gabassi, Francesco"]
[Black "Militello, Michele"]
[Result "1/2-1/2"]
[WhiteElo "1885"]
[BlackElo "1814"]
[PlyCount "48"]
[EventDate "2010.10.30"]

1. e4 e5 2. Nf3 d6 3. d4 Nf6 4. dxe5 Nxe4 5. Bd3 Nc5 6. O-O Nc6 7. Bg5 Be7 8.
Bxe7 Qxe7 9. exd6 Qxd6 10. Re1+ Be6 11. Nc3 a6 12. Ne4 Nxe4 13. Bxe4 O-O-O 14.
a3 h6 15. Qxd6 Rxd6 16. Bxc6 Rxc6 17. Nd4 Rd6 18. Nxe6 fxe6 19. Rad1 Rhd8 20.
Rxd6 Rxd6 21. Kf1 Rd2 22. Rc1 Kd7 23. Ke1 Rd5 24. Rd1 Kd6 1/2-1/2

[Event "XVI Autunno Scacchistico A"]
[Site "Venezia ITA"]
[Date "2010.11.01"]
[Round "5"]
[White "Gallana, Marco"]
[Black "Guerra, Alessandro"]
[Result "1-0"]
[WhiteElo "2080"]
[BlackElo "2236"]
[PlyCount "125"]
[EventDate "2010.10.30"]

1. d4 d5 2. c4 e6 3. Nf3 Nf6 4. g3 c5 5. cxd5 exd5 6. Bg2 Nc6 7. Nc3 h6 8. Bf4
a6 9. O-O c4 10. Ne5 Be7 11. Qa4 Bd7 12. Nxd7 Qxd7 13. e4 O-O 14. exd5 Nxd4 15.
Qxc4 Nb5 16. Nxb5 axb5 17. Qd4 Ra4 18. Qd3 Bc5 19. b3 Ra6 20. Rac1 Bb6 21. Rc2
Rfa8 22. Qd2 Ne8 23. d6 Bd8 24. Rd1 Rb6 25. Qb4 Qg4 26. Qe1 Nf6 27. Rdd2 Qd7
28. Re2 Rba6 29. Qf1 g5 30. Be5 Ne8 31. Red2 f6 32. Ba1 Rxd6 33. Rxd6 Nxd6 34.
Qd3 Kg7 35. Rd2 Ra6 36. Bc3 Qf7 37. Bb4 Bc7 38. Re2 Ra8 39. Bd5 Qd7 40. Bxb7
Re8 41. Rxe8 Qxe8 42. Bxd6 Qd8 43. Qxb5 Qxd6 44. Qf5 Bb6 45. Kg2 h5 46. Be4 h4
47. a4 Qd4 48. Bd3 Kf8 49. Bc4 Kg7 50. a5 Bc5 51. Bd5 Qd2 52. a6 Bxf2 53. Qxf2
Qxd5+ 54. Qf3 Qd2+ 55. Kh3 hxg3 56. hxg3 Qa5 57. Qd3 f5 58. Qd7+ Kg6 59. a7 g4+
60. Kh4 Qa1 61. Qe8+ Kg7 62. Qe7+ Kg6 63. Qg5+ 1-0

[Event "XVI Autunno Scacchistico A"]
[Site "Venezia ITA"]
[Date "2010.11.01"]
[Round "5"]
[White "Gallo, Enrico"]
[Black "Cedriano, Filippo"]
[Result "1-0"]
[WhiteElo "2127"]
[BlackElo "2006"]
[PlyCount "83"]
[EventDate "2010.10.30"]

1. e4 e6 2. d4 d5 3. Nd2 dxe4 4. Nxe4 Nf6 5. Nxf6+ gxf6 6. Nf3 b6 7. Be3 Bb7 8.
Be2 Nc6 9. Qd2 Ne7 10. O-O-O Nd5 11. Kb1 Qd7 12. c4 Nxe3 13. Qxe3 O-O-O 14. Qb3
Kb8 15. Rc1 c5 16. Rhd1 Qc6 17. d5 exd5 18. cxd5 Qd7 19. Bc4 Qf5+ 20. Ka1 Bd6
21. a4 Bf4 22. Rc2 Rd6 23. g3 Be5 24. Nh4 Qd7 25. Nf3 Rd8 26. Rcd2 Qc8 27. Rd3
Ba6 28. Nd2 Bd4 29. Ne4 Bxc4 30. Qxc4 Rxd5 31. Nxf6 R5d6 32. Ne4 Re6 33. Nc3
Bf6 34. Rxd8 Bxd8 35. Qf4+ Bc7 36. Qxf7 Rd6 37. Rxd6 Bxd6 38. Nb5 Qc6 39. Qg8+
Kb7 40. Qxh7+ Kb8 41. Qxa7+ Kc8 42. Qf7 1-0

[Event "XVI Autunno Scacchistico A"]
[Site "Venezia ITA"]
[Date "2010.11.01"]
[Round "5"]
[White "Garonzi, Martino"]
[Black "Panican, Gheorghe"]
[Result "1/2-1/2"]
[WhiteElo "2038"]
[BlackElo "1915"]
[PlyCount "103"]
[EventDate "2010.10.30"]

1. e4 c5 2. Nf3 d6 3. d4 cxd4 4. Nxd4 Nf6 5. Nc3 a6 6. Be3 e5 7. Nb3 Be6 8. Qd2
Nbd7 9. f3 Be7 10. O-O-O h5 11. Qf2 Qc7 12. g3 b5 13. Nd5 Bxd5 14. exd5 Bd8 15.
h3 Nb6 16. Bxb6 Qxb6 17. Qd2 Rb8 18. Bg2 h4 19. g4 Nh7 20. f4 O-O 21. Kb1 exf4
22. Qxf4 Bg5 23. Qd4 Be3 24. Qxb6 Bxb6 25. Rhe1 Rfe8 26. Nd2 Ng5 27. Ne4 Nxe4
28. Rxe4 a5 29. Rde1 Kf8 30. Kc1 b4 31. Rxe8+ Rxe8 32. Rxe8+ Kxe8 33. Kd2 Ke7
34. Kd3 Kf6 35. Ke4 Kg5 36. Bf1 g6 37. Bd3 f5+ 38. gxf5 gxf5+ 39. Kf3 Bd4 40.
b3 Kf6 41. Ba6 Ke5 42. Bc8 Bb6 43. Be6 Bc5 44. Bc8 Bg1 45. Be6 Bb6 46. Bc8 Kxd5
47. Bxf5 Kd4 48. Bd3 Kc3 49. Ke4 Kb2 50. Kd5 Bc5 51. Kc6 Kxa2 52. Kb5 1/2-1/2

[Event "XVI Autunno Scacchistico A"]
[Site "Venezia ITA"]
[Date "2010.11.01"]
[Round "5"]
[White "Lavric, Mihail"]
[Black "Santolini, Luigi"]
[Result "1-0"]
[WhiteElo "2025"]
[BlackElo "2235"]
[PlyCount "75"]
[EventDate "2010.10.30"]

1. d4 Nf6 2. c4 g6 3. Nc3 Bg7 4. e4 d6 5. f3 O-O 6. Be3 c6 7. Qd2 a6 8. Bd3 b5
9. Nge2 Nbd7 10. O-O e5 11. cxb5 axb5 12. a3 Bb7 13. Rad1 exd4 14. Bxd4 Re8 15.
Bc2 Ne5 16. Bb3 Qa5 17. Qe3 c5 18. Bxe5 Rxe5 19. Rxd6 c4 20. Bc2 Bf8 21. Rxf6
Bc5 22. Nd4 Qd8 23. Rxg6+ hxg6 24. Nce2 Qb6 25. Kh1 Rd8 26. Rd1 Re7 27. e5 Red7
28. e6 Bxd4 29. exf7+ Kxf7 30. Qg5 Rd5 31. Qf4+ Qf6 32. Qg4 Rg5 33. Qh4 Rh5 34.
Bxg6+ Kxg6 35. Nf4+ Qxf4 36. Qxf4 Be5 37. Qg4+ Rg5 38. Qe6+ 1-0

[Event "XVI Autunno Scacchistico A"]
[Site "Venezia ITA"]
[Date "2010.11.01"]
[Round "5"]
[White "Marson, Luca"]
[Black "Losso, Agostino"]
[Result "0-1"]
[WhiteElo "1908"]
[BlackElo "1791"]
[PlyCount "32"]
[EventDate "2010.10.30"]

1. e4 c5 2. Nf3 g6 3. d4 cxd4 4. Nxd4 Nc6 5. Nc3 Bg7 6. Be3 Nf6 7. Be2 O-O 8.
Qd2 d5 9. Nxc6 bxc6 10. O-O-O Qa5 11. exd5 Rb8 12. Bc4 Ne4 13. Qd3 Nxc3 14.
bxc3 Bxc3 15. Rdf1 Bf5 16. Qe2 Qa3+ 0-1

[Event "XVI Autunno Scacchistico A"]
[Site "Venezia ITA"]
[Date "2010.11.01"]
[Round "5"]
[White "Omeri, Silvan"]
[Black "Capaliku, Aleks"]
[Result "0-1"]
[WhiteElo "2204"]
[BlackElo "2088"]
[PlyCount "112"]
[EventDate "2010.10.30"]

1. e4 e5 2. Nf3 Nc6 3. Bb5 a6 4. Ba4 f5 5. d3 fxe4 6. dxe4 Nf6 7. Bg5 d6 8. Nc3
Be7 9. Bxf6 Bxf6 10. Qd5 Bd7 11. O-O-O Qe7 12. Kb1 Qf7 13. Qxf7+ Kxf7 14. Nd5
Rac8 15. c3 Be6 16. Nxf6 gxf6 17. Nd2 b5 18. Bb3 Na5 19. Kc2 c5 20. Bxe6+ Kxe6
21. Nf1 Nc4 22. b3 Nb6 23. Ne3 c4 24. b4 Rhd8 25. Nd5 Nxd5 26. Rxd5 f5 27. f3
fxe4 28. fxe4 Rf8 29. Rd2 Rf4 30. Rhd1 Rd8 31. Re2 Rdf8 32. Rdd2 Rf1 33. Rd1 h5
34. Rxf1 Rxf1 35. g3 Rf3 36. Kb2 Rd3 37. Kc2 Kf6 38. Rf2+ Kg5 39. Rf5+ Kg4 40.
Rf7 Kh3 41. Rh7 Kxh2 42. g4 h4 43. Rxh4+ Kg3 44. Rh6 Kxg4 45. Rf6 Kg5 46. Rf5+
Kg6 47. Rf8 d5 48. Rf5 dxe4 49. Rxe5 e3 50. a4 Kf6 51. Re8 bxa4 52. Rc8 Rd2+
53. Kc1 a3 54. Rxc4 a2 55. Rc6+ Ke7 56. Rxa6 Rh2 0-1

[Event "XVI Autunno Scacchistico A"]
[Site "Venezia ITA"]
[Date "2010.11.01"]
[Round "5"]
[White "Redo, Stefano"]
[Black "Zamengo, Bruno"]
[Result "1-0"]
[WhiteElo "1912"]
[BlackElo "1841"]
[PlyCount "41"]
[EventDate "2010.10.30"]

1. e4 e6 2. d4 d5 3. Nc3 Bb4 4. Qg4 dxe4 5. Qxg7 Qf6 6. Qxf6 Nxf6 7. Bd2 Be7 8.
O-O-O Bd7 9. f3 Bc6 10. Bf4 exf3 11. Nxf3 Bd6 12. Bg5 Ng4 13. d5 exd5 14. Re1+
Kd7 15. Bd3 f6 16. Bf5+ Kd8 17. Bh4 Rg8 18. h3 Bf4+ 19. Kb1 Ne3 20. Bxf6+ Ke8
21. Bd4 1-0

[Event "XVI Autunno Scacchistico A"]
[Site "Venezia ITA"]
[Date "2010.11.01"]
[Round "5"]
[White "Rossi, Gianni"]
[Black "Gouillart, Sylvain"]
[Result "1/2-1/2"]
[WhiteElo "1859"]
[BlackElo "1929"]
[PlyCount "23"]
[EventDate "2010.10.30"]

1. d4 Nf6 2. f3 c5 3. d5 d6 4. c4 g6 5. e4 Bg7 6. Nc3 O-O 7. Bg5 Na6 8. Qd2 Re8
9. Nge2 Nc7 10. Ng3 e6 11. Be2 exd5 12. cxd5 1/2-1/2

[Event "XVI Autunno Scacchistico A"]
[Site "Venezia ITA"]
[Date "2010.11.01"]
[Round "5"]
[White "Tamburrini, Pierluigi"]
[Black "Maffeo, Mauro"]
[Result "0-1"]
[WhiteElo "1881"]
[BlackElo "1802"]
[PlyCount "56"]
[EventDate "2010.10.30"]

1. e4 e6 2. d4 d5 3. e5 c5 4. c3 Nc6 5. Nf3 Qb6 6. a3 Nh6 7. b4 cxd4 8. cxd4
Nf5 9. Bb2 a6 10. g4 Nfe7 11. Bd3 Ng6 12. O-O Be7 13. Nbd2 Qd8 14. Nb3 b5 15.
Bc1 Bb7 16. Be3 O-O 17. Rc1 f5 18. exf6 Bxf6 19. g5 Be7 20. Re1 Nf4 21. Bxf4
Rxf4 22. h4 Qd7 23. Bb1 Raf8 24. Qd3 g6 25. Nbd2 e5 26. Nxe5 Nxe5 27. Rxe5 Bd6
28. Re3 Rxh4 0-1

[Event "XVI Autunno Scacchistico A"]
[Site "Venezia ITA"]
[Date "2010.11.01"]
[Round "5"]
[White "Velluti, Alberto"]
[Black "Pechy, Alaster"]
[Result "0-1"]
[WhiteElo "1944"]
[BlackElo "2191"]
[PlyCount "48"]
[EventDate "2010.10.30"]

1. e4 c5 2. b3 Nc6 3. Bb2 d6 4. Nf3 e6 5. d4 cxd4 6. Nxd4 Bd7 7. Nc3 Nf6 8. Be2
Be7 9. O-O a6 10. Qd2 Qb6 11. Rad1 Rc8 12. Nf3 O-O 13. Na4 Qc7 14. Bxf6 gxf6
15. c4 Ne5 16. Nb2 Bc6 17. Qe3 Kh8 18. Nd3 Rg8 19. Nfxe5 fxe5 20. g3 Bg5 21. f4
exf4 22. Nxf4 e5 23. Qc3 Bxe4 24. Nd5 Qc5+ 0-1

[Event "XVI Autunno Scacchistico A"]
[Site "Venezia ITA"]
[Date "2010.11.01"]
[Round "5"]
[White "Xia, Jie"]
[Black "Pfeifer, Andreas"]
[Result "1/2-1/2"]
[WhiteElo "2184"]
[BlackElo "2046"]
[PlyCount "135"]
[EventDate "2010.10.30"]

1. e4 e6 2. d3 c5 3. Nf3 Nc6 4. g3 g6 5. Bg2 Bg7 6. O-O Nge7 7. c3 e5 8. Be3 b6
9. d4 d6 10. Na3 O-O 11. dxc5 dxc5 12. Qc2 Bg4 13. h3 Bxf3 14. Bxf3 Qd7 15. Bg2
Rad8 16. Rad1 Qe6 17. b3 f5 18. Rxd8 Nxd8 19. Bg5 Ndc6 20. Rd1 h6 21. Bf1 Kh7
22. Bc4 Qc8 23. Bxe7 Nxe7 24. Nb5 fxe4 25. Qxe4 Qxh3 26. Nxa7 Nf5 27. Bf1 Qh5
28. Be2 Qg5 29. Qg4 Qf6 30. Bd3 h5 31. Qf3 Qg5 32. Bxf5 gxf5 33. Nb5 e4 34. Qe3
Qg6 35. Rd6 Rf6 36. Qf4 Bf8 37. Rd7+ Rf7 38. Rxf7+ Qxf7 39. Qc7 Qxc7 40. Nxc7
Be7 41. Nd5 Bd8 42. b4 Kh6 43. a4 cxb4 44. cxb4 h4 45. gxh4 Kh5 46. Nf4+ Kxh4
47. Ne6 Be7 48. a5 bxa5 49. bxa5 Bd6 50. a6 Bb8 51. Nd4 Ba7 52. Nc6 Bb6 53. a7
Bxa7 54. Nxa7 f4 55. Kf1 Kg4 56. Ke2 Kf5 57. Nb5 Ke5 58. Na3 Kd4 59. Nb1 Kc4
60. Nd2+ Kd5 61. Nb3 Kc4 62. Na5+ Kc5 63. Nb7+ Kd5 64. Nd8 Ke5 65. Nf7+ Kd4 66.
Ng5 Ke5 67. Nh3 Kf5 68. f3 1/2-1/2

[Event "IX Weekend A"]
[Site "Vignola ITA"]
[Date "2010.11.12"]
[Round "1"]
[White "Acciaioli, Fabio"]
[Black "Santamato, Luigi"]
[Result "1-0"]
[WhiteElo "1858"]
[BlackElo "1606"]
[PlyCount "123"]
[EventDate "2010.11.12"]

1. g3 d5 2. Bg2 Nf6 3. Nf3 c6 4. O-O Bf5 5. d3 e6 6. c4 Nbd7 7. Be3 Be7 8. Qb3
Qc7 9. Rc1 dxc4 10. Qxc4 Nb6 11. Qb3 Nbd5 12. Bd2 Bg6 13. e4 Nb6 14. Nc3 O-O
15. a4 a5 16. Bf4 Qd8 17. Nh4 Bb4 18. Rd1 Nbd7 19. Nxg6 hxg6 20. d4 Qe7 21. Na2
e5 22. dxe5 Nxe5 23. Nxb4 axb4 24. Bxe5 Qxe5 25. Qxb4 Rfe8 26. f3 g5 27. Qd4
Qc7 28. Qd3 Qe5 29. b4 g4 30. f4 Qe6 31. e5 Nd5 32. Bxd5 cxd5 33. Qd4 Red8 34.
a5 Qa6 35. Rac1 Qe2 36. Rd2 Qe4 37. Rc5 Qe1+ 38. Kg2 Qe4+ 39. Qxe4 dxe4 40.
Rcd5 Rxd5 41. Rxd5 Rc8 42. Rd2 Rc3 43. Rb2 e3 44. h3 Rd3 45. Kf1 Rd1+ 46. Ke2
Rh1 47. Kxe3 gxh3 48. Kf3 Rf1+ 49. Kg4 Rh1 50. b5 h2 51. Kh3 Ra1 52. Kxh2 Rxa5
53. b6 Kf8 54. Kh3 Ke7 55. Rc2 Ke6 56. Rc7 Rb5 57. Rxb7 Rb3 58. Kg4 Rb4 59. Rb8
f6 60. b7 Kf7 61. exf6 gxf6 62. Rh8 1-0

[Event "IX Weekend A"]
[Site "Vignola ITA"]
[Date "2010.11.12"]
[Round "1"]
[White "Buriani, Andrea"]
[Black "Rovatti, Guido"]
[Result "1-0"]
[WhiteElo "2169"]
[BlackElo "1695"]
[PlyCount "121"]
[EventDate "2010.11.12"]

1. d4 e6 2. Nf3 Nf6 3. e3 b6 4. Bd3 Bb7 5. Nbd2 Be7 6. O-O O-O 7. c4 d5 8. b3
c5 9. Bb2 cxd4 10. exd4 Nbd7 11. Qe2 Rc8 12. Rac1 Re8 13. Rfd1 Nf8 14. Bb1 Ng6
15. g3 Rc7 16. Ne5 Bd6 17. f4 Qe7 18. Rf1 Rec8 19. Bd3 Nf8 20. h3 Bb4 21. Kh2
Ba6 22. Ndf3 h6 23. Rc2 Nh5 24. Rfc1 Nf6 25. Qe3 Bb7 26. Qe2 Ba6 27. c5 Bxd3
28. Nxd3 bxc5 29. dxc5 Bxc5 30. Nxc5 Rxc5 31. Rxc5 Rxc5 32. Ba3 N8d7 33. Bxc5
Nxc5 34. Qe3 Nfe4 35. Nd2 Qf6 36. Rxc5 Nxc5 37. Qxc5 Qb2 38. Qe3 Qxa2 39. Qc3
Qa6 40. Nf3 Qe2+ 41. Kg1 Qd1+ 42. Kf2 a5 43. Nd4 g6 44. Nc6 Qh1 45. h4 Qh2+ 46.
Ke1 Qh1+ 47. Kd2 Qg2+ 48. Kc1 Qf1+ 49. Kb2 Qe2+ 50. Ka3 Qg2 51. Ka4 Qa2+ 52.
Kb5 g5 53. hxg5 hxg5 54. fxg5 a4 55. bxa4 Qb1+ 56. Kc5 Qg1+ 57. Kd6 Qb6 58. a5
Qa6 59. Qf6 Qd3 60. Ne7+ Kh7 61. Qh6# 1-0

[Event "IX Weekend A"]
[Site "Vignola ITA"]
[Date "2010.11.12"]
[Round "1"]
[White "Carletti, Davide M."]
[Black "Vincenzi, Marco"]
[Result "0-1"]
[WhiteElo "1685"]
[BlackElo "2097"]
[PlyCount "120"]
[EventDate "2010.11.12"]

1. e4 e5 2. Nf3 Nc6 3. Bc4 Nf6 4. d3 Be7 5. c3 O-O 6. O-O d5 7. exd5 Nxd5 8.
Re1 Bg4 9. h3 Bh5 10. Nbd2 Nb6 11. Bb5 f6 12. Ne4 Be8 13. Ng3 a6 14. Bxc6 Bxc6
15. Qe2 Re8 16. Nf5 Bf8 17. N3h4 Qd7 18. Ne3 Rad8 19. Rd1 Bb5 20. c4 Ba4 21. b3
Qd4 22. Nef5 Qxa1 23. Qg4 Rd7 24. Be3 Qxa2 25. bxa4 Qxa4 26. Rc1 e4 27. dxe4
Nxc4 28. Rxc4 Rd1+ 29. Qxd1 Qxd1+ 30. Kh2 Bd6+ 31. g3 g5 32. Nh6+ Kf8 33. N4f5
b5 34. Rc6 Rxe4 35. Rxa6 Ra4 36. Rxa4 bxa4 37. Bd4 Be5 38. Bc5+ Ke8 39. Ng7+
Kd7 40. Nhf5 Kc6 41. Ne6 Kb5 42. Nfg7 h6 43. Nf5 h5 44. Nfg7 h4 45. Kg2 Qd5+
46. Kg1 Qxc5 47. Nxc5 Kxc5 48. Nf5 a3 49. Ne3 a2 50. Nc2 a1=Q+ 51. Nxa1 Bxa1
52. Kf1 Kd4 53. Ke1 Kd3 54. Kd1 c5 55. gxh4 gxh4 56. Kc1 Ke2 57. f4 c4 58. Kb1
Kd1 59. Kxa1 c3 60. f5 c2 0-1

[Event "IX Weekend A"]
[Site "Vignola ITA"]
[Date "2010.11.12"]
[Round "1"]
[White "Castelli, Antonio"]
[Black "Gilevych, Artem"]
[Result "0-1"]
[WhiteElo "1703"]
[BlackElo "2231"]
[PlyCount "52"]
[EventDate "2010.11.12"]

1. Nc3 d5 2. e3 Nf6 3. Nf3 Bg4 4. Be2 c5 5. Ne5 Bxe2 6. Qxe2 a6 7. O-O e6 8. d4
Bd6 9. a3 O-O 10. Rb1 Qc7 11. Nf3 Nc6 12. dxc5 Bxc5 13. e4 Ng4 14. h3 Nd4 15.
hxg4 Nxe2+ 16. Nxe2 dxe4 17. Nfd4 Rad8 18. c3 Qc8 19. Bf4 Rfe8 20. Bg3 e5 21.
Nf5 Rd2 22. Rfe1 g6 23. Nh6+ Kg7 24. g5 f5 25. Kf1 f4 26. Bh2 Qd7 0-1

[Event "IX Weekend A"]
[Site "Vignola ITA"]
[Date "2010.11.12"]
[Round "1"]
[White "Del Gaiso, Massimo"]
[Black "Gabbriellini, Gianfranco"]
[Result "1/2-1/2"]
[WhiteElo "1777"]
[BlackElo "1431"]
[PlyCount "74"]
[EventDate "2010.11.12"]

1. e4 e5 2. d4 d6 3. dxe5 dxe5 4. Qxd8+ Kxd8 5. Nf3 f6 6. Be3 Nh6 7. h3 Be6 8.
Nbd2 Ke8 9. c3 Bd6 10. Nc4 Nf7 11. Be2 Ke7 12. O-O Nd7 13. Rfd1 Bc5 14. Nfd2
Bxe3 15. Nxe3 Rhd8 16. b4 Nb6 17. a4 Nd6 18. c4 Nxe4 19. Nxe4 Rxd1+ 20. Rxd1
Nxa4 21. Nd5+ Bxd5 22. cxd5 f5 23. d6+ cxd6 24. Nxd6 Nc3 25. Nxf5+ Kf6 26. Rd6+
Kxf5 27. Bg4+ Kg5 28. Rd7 h5 29. Be6 Kf6 30. Bb3 Ne2+ 31. Kh2 Nd4 32. Bd5 a5
33. Rxb7 Rd8 34. Bc4 Rc8 35. Bd5 Rd8 36. Bc4 Rc8 37. Rb6+ Rc6 1/2-1/2